Statistics for BTS Members by Picture

Click here to take the quiz!

General Stats

  • This quiz has been taken 463 times
  • The average score is 7 of 7

Answer Stats

Answer% Correct
V
99%
RM
98%
Jin
97%
Suga
97%
Jimin
96%
Jungkook
96%
J-Hope
95%

Score Distribution

Percentile by Number Answered

Percent of People with Each Score

Your Score History

You have not taken this quiz